| 000 | 00780nam a2200217 i 4500 | ||
|---|---|---|---|
| 001 | 164154 | ||
| 003 | ES-MaACL | ||
| 005 | 20230906212900.0 | ||
| 008 | 030429s1777 sp |||| | spa d | ||
| 040 |
_aCAM _bspa _cCAM |
||
| 100 | 0 |
_aRuiz de Alarcón y Mendoza, Juan. _9100719 |
|
| 245 | 1 | 0 |
_aNo hay mal que por bien no venga, Don Domingo de Don Blas _b: comedia famosa / _cde Don Juan Ruiz de Alarcon. |
| 260 |
_aEn Valencia : _ben la Imprena de Joseph y Thomàs de Orga ..., _c1777. |
||
| 300 |
_a32 p. ; _c4º. |
||
| 500 | _aPrecede al tit.: "N.216" | ||
| 594 | _aSubtit. precede a tit. | ||
| 596 | _aPie de imp. tomado de colofón. | ||
| 597 | _aSign.: A-D4. | ||
| 597 | _aTexto a dos col. | ||
| 852 |
_aES-MaACL _jR-3037-44 _xOlim:T-1431 _z-- Enc. piel grab. |
||
| 999 |
_c164154 _d164154 |
||